| 000 | 01283nam a22003497a 4500 | ||
|---|---|---|---|
| 003 | CHAP | ||
| 005 | 20220329143413.0 | ||
| 008 | 090420s2006 mx r 00010 spa d | ||
| 010 | _a96081 | ||
| 011 | _a97053 | ||
| 020 | _a9682003431 | ||
| 035 | _a107713 | ||
| 040 | _cCHAP | ||
| 082 | 0 | 4 |
_a379.154 _bM76 |
| 100 | 1 |
_aMonzó Arévalo, Rosa. _978027 |
|
| 245 | 1 | 0 |
_aConcepto de competencia en la evaluación educativa _c/por Rosa Monzó Arévalo |
| 260 |
_aMéxico, D.F. : _bUniversidad Panamericana, _c2006 |
||
| 300 | _axii, 142 p. | ||
| 490 | 0 |
_aInvestigación para la docencia _v; 6 |
|
| 590 |
_aBATCH-UPD _b10 _c20130110 _lUCH01 _h0658 |
||
| 590 |
_aBATCH-UPD _b10 _c20130410 _lUCH01 _h0343 |
||
| 590 |
_aBATCH-UPD _b10 _c20130914 _lUCH01 _h1020 |
||
| 590 |
_aCONVERSION _b10 _c20130109 _lUCH01 _h1353 |
||
| 650 | 1 | 4 |
_aCompetencia. _926091 |
| 650 | 1 | 4 |
_aEducación _xEvaluación. _935444 |
| 830 | 0 |
_aInvestigación para la docencia _v; 6 _960253 |
|
| 901 | _aBK | ||
| 942 | _cLIBRO | ||
| 949 |
_a379.154 M76 _bBC _cLIBRO _d33724002092728 _eLIBRO _gI.c/e _h110435 _i107713 _sb _t$130.00 |
||
| 949 |
_a379.154 M76 _bBC _cLIBRO _d33724002092769 _eLIBRO _fc.3 _gI.c/e _h110437 _i107713 _sb _t$130.00 |
||
| 949 |
_a379.154 M76 _bBC _cLIBRO _d33724002095173 _eLIBRO _fc.2 _gI.c/e _h110436 _i107713 _sb _t$98.00 |
||
| 999 |
_c96081 _d96081 |
||